Compendio de normas universitarias usuales
Guardado en:
| Institution som forfatter: | |
|---|---|
| Format: | Texto |
| Udgivet: |
San José:
Universidad de Costa Rica. Oficina Jurídica
|
| Fag: | |
| Tags: |
Tilføj Tag
Ingen Tags, Vær først til at tagge denne postø!
|
MARC
| LEADER | 00000 a a2200000 04500 | ||
|---|---|---|---|
| 001 | 34372 | ||
| 003 | |||
| 040 | |||
| 020 | |a 9977-15-152-0 | ||
| 090 | |a 06005 U58c | ||
| 110 | |a Universidad de Costa Rica. Oficina Jurídica | ||
| 245 | |a Compendio de normas universitarias usuales | ||
| 260 | |a San José: |b Universidad de Costa Rica. Oficina Jurídica | ||
| 300 | |a 530 p. | ||
| 650 | |a NORMAS | ||
| 650 | |a UNIVERSIDADES | ||
| 999 | |c 11699 |d 11699 | ||



